Statystyki dla Miasta w Polsce o największej gęstości zaludnienia

Kliknij tutaj aby rozwiązać quiz!

Ogólne statystyki

  • Ten quiz został rozwiązany 63 razy
  • Średni wynik to 8 z 30

Statystyki odpowiedzi

MiastoGęstość Zaludnienia os/km2Kraina% Poprawnych
Warszawa3 600Mazowsze
98%
Kraków2 458Małopolska
73%
Wrocław2 302Śląsk
71%
Pruszków3 404Mazowsze
56%
Białystok2 865Podlasie
53%
Legionowo3 899Mazowsze
51%
Chorzów3 059Śląsk
49%
Piaseczno3 205Mazowsze
49%
Świętochłowice3 443Śląsk
35%
Siemianowice Śląskie2 505Śląsk
33%
Ząbki4 100Mazowsze
29%
Piastów3 997Mazowsze
27%
Siedlce2 374Małopolska
27%
Ełk2 854Prusy
22%
Mińsk Mazowiecki3 039Mazowsze
18%
Swarzędz3 470Wielkopolska
18%
Żyrardów2 703Mazowsze
16%
Grodzisk Mazowiecki2 612Mazowsze
15%
Luboń2 431Wielkopolska
13%
Tczew2 568Pomorze wschodnie
13%
Kętrzyn2 463Prusy
9%
Września2 503Wielkopolska
9%
Brzeg2 311Śląsk
4%
Kościan2 615Wielkopolska
4%
Nowy Tomyśl2 646Wielkopolska
4%
Ozimek2 472Śląsk
4%
Chojnów2 339Śląsk
2%
Nowe Skalmierzyce2 950Wielkopolska
2%
Świdnica2 455Śląsk
2%
Wolsztyn2 528Wielkopolska
2%

Rozkład punktacji

Percentyl według liczby udzielonych odpowiedzi

Procent ludzi z każdym wynikiem

Twoja historia wyników

Nie rozwiązałeś tego quizu